000 00646nam a2200205 i 4500
001 36678
003 ES-MaACL
005 20230906155422.0
007 t|
008 030219s1909 fr ||||1| fre d
100 1 _aBourrey, Georges.
_931022
245 1 2 _aL'eau dans l'industrie
_b: applications, epuration /
_cpar Georges Bourrey ; preface de Max de Mausonty.
260 _a[S.l. :
_bs.n.,
_c1909] (
_eTours :
_fMame)
300 _aXXIV, 464 p. ;
_c18 cm.
490 1 _aEncyclopédie scientifique
700 1 _aMausonty, Max de.
_979283
830 0 _aEncyclopédie scientifique
_9180883
852 _aES-MaACL
_jD-4456
999 _c36678
_d36678